00425nam a22000977a 4500008004100000082001500041100004300056245016200099260005700261300000900318230621b xxu||||| |||| 00| 0 eng d a328.4bCPA cCommonwealth Parliamentary Association areport of proceedings of the ninth Malawi commonWealth parliamentary Association conference held at Kwacha Conference centre and at Club Makokola in Mangochi aMalawibCommonwealth Parliamentary Associationc1976 a647p